Escuela Social de Barcelona : anuario : curso 1977-1978 anuario :
Descripción Física:
205p. ; 21 cm
Materias:
Escola Social de Barcelona
MARC
| LEADER | 00000nam a2200000Ia 4500 | ||
|---|---|---|---|
| 001 | 1367 | ||
| 003 | BGR | ||
| 005 | 20260324175401.0 | ||
| 008 | 160829s9999 xx 000 0 cat d | ||
| 080 | |a E-1-107 | ||
| 110 | 1 | |a Escola Social de Barcelona |9 70799 | |
| 245 | |a Escuela Social de Barcelona : |b anuario : |b curso 1977-1978 | ||
| 260 | |a [Barcelona : |b s.n., s.a.] | ||
| 300 | |a 205p. ; |c 21 cm | ||
| 590 | |a Exemplar incomplet, falten les darreres pàgines | ||
| 610 | 1 | 0 | |a Escola Social de Barcelona |9 70799 |
| 901 | |a Arxiu | ||
| 942 | |n 1 |2 udc |c MON | ||
| 952 | |0 0 |1 0 |4 0 |6 E1107 |7 1 |9 45416 |a Arxiu |b Arxiu |d 2016-12-01 |l 0 |o E-1-107 |p 1367 |r 2016-12-01 00:00:00 |w 2016-12-01 |y ARXIU | ||
| 999 | |c 48523 |d 48523 | ||